Team of the season so far FIFA 20-społeczność - Statystyki

Ogólne statystyki
  • Ten quiz został rozwiązany 40 razy
    26 od ostatniego zresetowania
  • Średni wynik to 9 z 23
Statystyki odpowiedzi
Pozycja Zawodnik % Poprawnych
BR Thibaut Courtois
71%
ŚO Joe Gomez
63%
ŚPD Casemiro
54%
ŚPD Sergio Busquets
54%
ŚN Wilfried Zaha
54%
ŚPD Fernandinho
50%
ŚP Thiago Alcantara
50%
BR Bernd Leno
46%
LP Moses Simon
46%
BR Peter Gulacsi
46%
LO Alejandro Grimaldo
42%
ŚPD Lucas Leiva
42%
LP Felipe Anderson
38%
ŚO Gerard Pique
38%
ŚO Nordi Mukiele
33%
ŚO Pepe
33%
ŚO Diego Godin
29%
ŚPO Julian Brandt
29%
ŚP Rodrigo Bentancur
29%
N Moussa Dembele
25%
N Marcus Thuram
17%
PO Kieran Trippier
8%
N Mauro Icardi
4%
Nie znaleziono quizów pasujących do podanych kryteriów
Rozkład punktacji
Procent ludzi z każdym wynikiem
Percentyl według liczby udzielonych odpowiedzi
Twoja historia wyników
Nie rozwiązałeś tego quizu od ostatniego zresetowania